Регионална библиотека "Любен Каравелов" - Русе

Чешмица (Запис номер 19209)

MARC детайли
000 -Лидер
Контролно поле с фиксирана дължина 01173nam a2200301 c 4500
003 - Код на организацията, давaща контролен номер
Контролно поле BLK
005 - Дата и час на последна редакция
Контролно поле 20220215120845.0
008 - Елементи от данни с фиксирана дължина
fixed length control field 180413b bul|||||r ||||||| ||bul||
010 ## - Наследен системен номер
LC control number KNG00021313000
040 ## - Източник на каталожния запис
Идентификатор на билиотеката - собственик на записа BLK
041 ## - Код за език
Код за езика на текст/звукозапис или на отделно заглавие Български
Код за езика КДБФ Български
080 ## - УДК
Текстов определител УДК Българска литература
УДК код - определител по УДК 821.163.2
УДК определител -93-1
УДК - код + определител 821.163.2-93-1
100 1# - Редна дума - Автор
Автор Ефремов, Борис
Авторска отговорност първи автор
R(LIN) 263614
139 ## - Редно поле
Редна дума Ефремов, Борис
Авторски знак Ефр - Е 97
245 10 - Сведения за заглавието
Заглавие Чешмица
Подзаглавни данни Стихове за деца
Редно поле (дума) Борис Ефремов; худож. Иван Николов Кирков.
257 ## - Страна на издаване
Страна на създаване/издаване България
260 ## - Област на издателските данни
Име на издателя, разпространителя и проч. Бълг. художник
Година на издаване 1970
300 ## - Физическа характеристика
Страници 16 с.
Размери/Мащаб 12Х11 см
380 ## - Жанр
Жанр Детска худож. лит.
490 1# - СЕРИИ (Колекции)
Име на серия Библиотека Детски свят
№: серия 12
500 ## - Общи забележки
Забележка Кн. е включена в кутия със загл. Детски свят. 12 многоцветни книжки.
700 1# - Други автори (авторска отговорност)
Лично име Кирков, Иван Николов
Автороска отговорност (Описва отношението между автора и произведението) худож.
9 (RLIN) 263615
852 ## - Местоположение
Форматна сигнатура Цб І 31330
856 4# - Електронен адрес и достъп
Електронен формат pdf - файл
Път до файла /url/
856 4# - Електронен адрес и достъп
Електронен формат pdf - файл
Път до файла /url/
999 ## - СИСТЕМНИ КОНТРОЛНИ НОМЕРА
Koha biblionumber 19209
Koha biblioitemnumber 19209
942 ## - АРТИКУЛИ
Вид на библиотечния материал Книги
Скрит в OPAC Не
Периодичен библиозапис Да
944 ## - СЪЗДАВАНЕ И РЕДАКЦИЯ на ЗАПИСА
Създаване/Редакция Създаване
Дата на регистрацията/редакция 19.08.2011
Служител, извършил регистрацията/редакцията Виолета_Тройчева
944 ## - СЪЗДАВАНЕ И РЕДАКЦИЯ на ЗАПИСА
Създаване/Редакция Редакция
Дата на регистрацията/редакция 11.03.2016
Служител, извършил регистрацията/редакцията Кети_Илиева
999 ## - СИСТЕМНИ КОНТРОЛНИ НОМЕРА
Koha biblioitemnumber 19209
Наличности
Код за отписване Код за изгубен артикул Източник на класификационната схема Код за повреда Коз за рестрикции Код за отдаване Артикулен № Име на библиотеката - собственик Име на библиотеката, в която се намира в момента Статус (Текущо местоположение) Дата на вписване в системата Местоположение - отдел Цена в лева Инвентарен номер Систематично азбучна сигнатура Баркод Номер на екземпляра Цена в евро Служебна бележка Служебен тип на артикула
  Не е изгубен Universal Decimal Classification Не е повреден без рестрикции ползва се в читалня 32015 Регионална библиотека "Любен Каравелов" Русе Регионална библиотека "Любен Каравелов" Русе Хранилище 1970-01-01 Хранилище 0.07 84965 Цб І 31330 120000084965 1 0.04 Дост: Pk Вид: Ф N: стар фонд Дата: 01.01.1970 Книги
Изтеглен Не е изгубен Universal Decimal Classification Не е повреден без рестрикции заемане за дома 32016 Регионална библиотека "Любен Каравелов" Русе Регионална библиотека "Любен Каравелов" Русе Детски отдел 1970-01-01 Детски отдел 0.06 84199 ДХ 886.7/Е 97 84199 2 0.03 Дост: Pk Вид: Ф N: стар фонд Дата: 01.01.1970 Дата инв: 18.08.2015 Бележки инв: Д2015 Книги
Vip Innovations Ltd, Rousse, Bulgaria 2025